| 000 | 00406cam a22001097a 4500 | ||
|---|---|---|---|
| 008 | 180718b1969 xxu||||| |||| 00| 0 eng d | ||
| 082 | _aB706x71 C16/ST/6 | ||
| 100 | _aCanada. Task Force on Labour Relations | ||
| 245 | _aTask Force on Labour Relations (under the Privy Council Office), Study No. 6: labour arbirration and industrial change | ||
| 260 |
_aOttawa _bPrivy Council Office _c1969 |
||
| 300 | _a146+p. | ||
| 999 |
_c488268 _d488268 |
||